Представление документа в формате RUSMARC

ПолеНазваниеЗначение
  Тип записи a
  Библиографический уровень m
001 Контрольный номер RU/CBS_UL/BASE/8443a354bb864c8386638cc6acf4383f
005 Дата корректировки 20260428152844.6
010 Индекс ISBN __
a ISBN 978-5-17-148320-3
b Уточнения в пер.
d Цена 517 р. 00 к.
9 Тираж 2 000 экз.
100 Данные общей обработки __
a Данные общей обработки 20260428d 0rusy0189## ca
101 Язык документа 0_
a Язык текста rus
102 Страна публикации __
a Страна публикации RU
200 Заглавие и сведения об ответственности 1_
a Заглавие Невозможное в науке
e Сведения, относящиеся к заглавию расследование загадочных артефактов
f Первые сведения об ответственности А. Никонов
210 Выходные данные 1_
a Место издания Москва
c Издательство АСТ
d Дата издания 2022
215 Физическое описание __
a Объем 397, [3] с.
d Формат 21,5 см.
225 Серия 2_
a Серия Интересный научпоп
300 Общие примечания __
a Общие примечания 16+
606 Тематические рубрики 0_
a Основная рубрика Загадочные явления природы
610 Ключевые слова 0_
a Ключевые слова загадки природы; загадки Вселенной; молнии шаровые; НЛО; сюрпризы природы; явления паранормальные; пришельцы космические; феномены природные; явления необъяснимые
686 Индексы других классификаций __
2 Код системы rubbk
a Классификационный индекс 20.3
700 Автор _1
a Фамилия Никонов
b Имя (инициалы) А. П.
g Полное личное имя Александр Петрович
801 Источник записи _0
a Страна RU
b Организация МБУК ЦБС г. Ульяновска
c Дата составления 20260428
g Правила каталогизации RCR
801 Источник записи _1
a Страна RU
b Организация МБУК ЦБС г. Ульяновска
c Дата составления 20260428
g Правила каталогизации RCR
852 Данные о местонахождении __
i Авторский знак Н 64
j Шифр хранения 20.3
900 Электронные ресурсы __
a Имя электронного ресурса а. никонов невозможное
901 Тип документа __
t Тип документа m
909 Создатель записи __
a Создатель записи obr2
b Дата создания записи 20260428